Foundation design in practice / (Record no. 26247)

MARC details
000 -LEADER
fixed length control field 00866nam a22002417a 4500
005 - DATE AND TIME OF LATEST TRANSACTION
control field 2009051207547.0
008 - FIXED-LENGTH DATA ELEMENTS--GENERAL INFORMATION
fixed length control field 090512t xxu||||| |||| 00| 0 eng d
010 ## - LCCN (DPL NO)
LC control number ENG-94004
020 ## - INTERNATIONAL STANDARD BOOK NUMBER
International Standard Book Number 9788120335882
Terms of availability 295.00
035 ## - SYSTEM CONTROL NUMBER
System control number EN-77537
037 ## - SOURCE OF ACQUISITION
Source of stock number/acquisition DBAD / PUB
040 ## - CATALOGING SOURCE
Original cataloging agency dpl
Language of cataloging English
082 ## - DEWEY DECIMAL CLASSIFICATION NUMBER
Classification number 624.1771
100 ## - MAIN ENTRY--PERSONAL NAME
Personal name Ghosh, Karuna Moy
245 ## - TITLE STATEMENT
Title Foundation design in practice /
Statement of responsibility, etc by Karuna Moy Ghosh
260 ## - PUBLICATION, DISTRIBUTION, ETC. (IMPRINT)
Place of publication, distribution, etc New Delhi
Name of publisher, distributor, etc PHI Learing
Date of publication, distribution, etc 2009
270 ## - ADDRESS
Address M-97, Connauuht Circus
City New Delhi
Postal code 110001
300 ## - PHYSICAL DESCRIPTION
Extent xii, 332p.
Dimensions 25cm(pbk)
500 ## - GENERAL NOTE
General note Includes index
600 ## - SUBJECT ADDED ENTRY--PERSONAL NAME
Personal name Foundation Design in practice
942 ## - ADDED ENTRY ELEMENTS (KOHA)
Source of classification or shelving scheme Dewey Decimal Classification
Item type English Books
Call number suffix GHO
Classification part 624.1771
Holdings
Withdrawn status Lost status Source of classification or shelving scheme Damaged status Not for loan Collection code Home library Current library Date acquired Source of acquisition Cost, normal purchase price Total Checkouts Full call number Barcode Date last seen Copy number Cost, replacement price Koha item type
    Dewey Decimal Classification   Not For Loan Non-fiction D.B.Act.Division D.B.Act.Division 12/05/2009 DBAD / PUB 295.00   624.1771 GHO EN-77537 12/05/2009 1 295.00 English Books

© Delhi Public Library
Hit Counter
free hit counter